Economía política, moral y territorialidad indígena en la Amazonia /
Guardat en:
| Autor principal: | |
|---|---|
| Format: | Text |
| Matèries: | |
| Etiquetes: |
Afegir etiqueta
Sense etiquetes, Sigues el primer a etiquetar aquest registre!
|
MARC
| LEADER | 00000 a a2200000 04500 | ||
|---|---|---|---|
| 001 | 2612 | ||
| 003 | |||
| 040 | |||
| 100 | |a Varese, Stefano | ||
| 245 | |a Economía política, moral y territorialidad indígena en la Amazonia / |c Stefano Varese | ||
| 650 | |a REGION AMAZONICA | ||
| 650 | |a POBLACION INDIGENA | ||
| 650 | |a PROPIEDAD DE LA TIERRA | ||
| 650 | |a IDENTIDAD CULTURAL | ||
| 650 | |a TIERRAS COMUNALES | ||
| 650 | |a COMUNIDADES | ||
| 650 | |a IDEOLOGIAS | ||
| 650 | |a PARTICIPACION COMUNITARIA | ||
| 650 | |a REDES SOCIALES | ||
| 650 | |a INTEGRACION SOCIAL | ||
| 650 | |a VALORES SOCIALES | ||
| 650 | |a MEDIO AMBIENTE | ||
| 650 | |a PROTECCION AMBIENTAL | ||
| 650 | |a MOVILIZACI | ||
| 773 | |g número 239; páginas 31-38 | ||
| 999 | |c 22576 |d 22576 | ||
